000 00254nam a2200097Ia 4500
001 1250643
005 20251031150900.0
008 251031s9999 xx 000 0 und d
245 0 _cOĞUZ ATAY
_aD-4 OYUNLARLA YAŞAYANLAR
260 _bİLETİŞİM YAYINLARI
999 _c1250643
_d1250643